| 000 | 00507nam a2200205Ia 4500 | ||
|---|---|---|---|
| 003 | OSt | ||
| 005 | 20230509162825.0 | ||
| 008 | 210423s2003 xx 000 0 und d | ||
| 020 | _a8123906161 | ||
| 040 | _cAL | ||
| 041 | _aeng | ||
| 082 |
_a574.192 _223 _bGOOT |
||
| 100 |
_aGOODWIN (T N). _9101618 |
||
| 245 | _aIntroduction to plant biochemistry. | ||
| 260 |
_aNew Delhi _bCBS Publications _c2003 |
||
| 300 |
_a677 _bPB |
||
| 365 |
_b295 _cINR |
||
| 906 | _abiochemistry ; plant | ||
| 942 |
_2ddc _cBK |
||
| 999 |
_c164066 _d164066 |
||